000 00348nam a2200121Ia 4500
008 231129s9999||||xx |||||||||||||| ||spa||
040 _bspa
082 _aE862.3 M722b
100 _aMolina Tirso de
245 0 _aEl burlador de Sevilla y Convidado de piedra ; El condenado por Desconfiado
264 _aSalvat-Alianza Editorial
942 _2ddc
_cBKS
999 _c10393
_d10393